| 000 | 00438nam a22001817a 4500 | ||
|---|---|---|---|
| 003 | NUST - PNEC | ||
| 005 | 20170116180856.0 | ||
| 008 | 150829b xxu||||| |||| 00| 0 eng d | ||
| 020 | _a0393924084 | ||
| 040 | _cLIBRARY | ||
| 082 | _a547 JON | ||
| 100 |
_95981 _aJones, Maitland, |
||
| 245 |
_aOrganic chemistry _cMaitland,Jones |
||
| 250 | _a3rd ed | ||
| 260 | _cc2005. | ||
| 650 |
_95982 _aChemistry, Organic _xME |
||
| 942 |
_2ddc _cBK |
||
| 999 |
_c64795 _d64795 |
||